| 000 | 00697nam a22002417a 4500 | ||
|---|---|---|---|
| 999 |
_c3811 _d3811 |
||
| 003 | AR-CdUCM | ||
| 008 | 190307b ||||| |||| 00| 0 spa d | ||
| 040 |
_aMUNICIPALIDAD PROVINCIAL DEL CUSCO _cBIBLIOTECA MUNICIPAL DEL CUSCO |
||
| 041 | _heng | ||
| 082 | _a828.9 / | ||
| 100 |
_aHastings, Michael _912283 |
||
| 245 | _aMe llamo tussy / | ||
| 260 |
_aEspaƱa : _bPlaza y Janes editores, _c1972. |
||
| 300 |
_a437 paginas ; _c20 cm. |
||
| 500 | _aTitulo original :Tussy is me | ||
| 505 | _aNovel Inglesa | ||
| 650 |
_aNovela inglesa _9365 |
||
| 650 |
_aSiglo XX _98 |
||
| 650 |
_aLiteratura _9416 |
||
| 700 |
_aAleu, j. Ferrer ( Traductor) _912284 |
||
| 942 |
_2ddc _cLIBROS |
||
| 945 | _awnts | ||